EFFECT OF CLOUD COMPUTING ENVIRONMENT ON TOTAL COST OF OWNERSHIP;A CASE OF INTERNET SERVCES PROVIDERS [SAFARICOM AND ACCESS KENYA] (Record no. 216834)
[ view plain ]
| 000 -LEADER | |
|---|---|
| fixed length control field | 00487nam a22001457a 4500 |
| 008 - FIXED-LENGTH DATA ELEMENTS--GENERAL INFORMATION | |
| fixed length control field | 260311b |||||||| |||| 00| 0 eng d |
| 050 ## - LIBRARY OF CONGRESS CALL NUMBER | |
| Classification number | THE HD 30.37 .O44 2016 |
| Item number | 1 |
| 100 ## - MAIN ENTRY--PERSONAL NAME | |
| Personal name | SOPIA SAMUEL ,M.OLE |
| 245 ## - TITLE STATEMENT | |
| Title | EFFECT OF CLOUD COMPUTING ENVIRONMENT ON TOTAL COST OF OWNERSHIP;A CASE OF INTERNET SERVCES PROVIDERS [SAFARICOM AND ACCESS KENYA] |
| 260 ## - PUBLICATION, DISTRIBUTION, ETC. | |
| Place of publication, distribution, etc. | KISII |
| Name of publisher, distributor, etc. | KSU |
| Date of publication, distribution, etc. | 2016 |
| 300 ## - PHYSICAL DESCRIPTION | |
| Extent | XVI,85P;ILL |
| 500 ## - GENERAL NOTE | |
| General note | INCLUDES REFERENCES |
| 942 ## - ADDED ENTRY ELEMENTS (KOHA) | |
| Source of classification or shelving scheme | Library of Congress Classification |
| Koha item type | Reference |
| Withdrawn status | Lost status | Source of classification or shelving scheme | Damaged status | Not for loan | Collection | Home library | Current library | Shelving location | Date acquired | Inventory number | Total checkouts | Full call number | Barcode | Date last seen | Price effective from | Koha item type |
|---|---|---|---|---|---|---|---|---|---|---|---|---|---|---|---|---|
| Library of Congress Classification | Special Research | Kisii University Library | Kisii University Library | On Display | 03/11/2026 | 090622 | THE HD 30.37 .O44 2016 | 000000010286 | 03/11/2026 | 03/11/2026 | Reference |